<?xml version="1.0" encoding="UTF-8"?><?xml-stylesheet type="text/xsl" href="static/style.xsl"?><OAI-PMH xmlns="http://www.openarchives.org/OAI/2.0/" xmlns:xsi="http://www.w3.org/2001/XMLSchema-instance" xsi:schemaLocation="http://www.openarchives.org/OAI/2.0/ http://www.openarchives.org/OAI/2.0/OAI-PMH.xsd"><responseDate>2026-04-27T21:26:38Z</responseDate><request verb="GetRecord" identifier="oai:riubu.ubu.es:10259/10442" metadataPrefix="marc">https://riubu.ubu.es/oai/request</request><GetRecord><record><header><identifier>oai:riubu.ubu.es:10259/10442</identifier><datestamp>2025-05-09T00:05:08Z</datestamp><setSpec>com_10259_3576</setSpec><setSpec>com_10259.4_2574</setSpec><setSpec>com_10259.4_106</setSpec><setSpec>com_10259_2604</setSpec><setSpec>col_10259_3577</setSpec></header><metadata><record xmlns="http://www.loc.gov/MARC21/slim" xmlns:doc="http://www.lyncode.com/xoai" xmlns:xsi="http://www.w3.org/2001/XMLSchema-instance" xmlns:dcterms="http://purl.org/dc/terms/" xsi:schemaLocation="http://www.loc.gov/MARC21/slim http://www.loc.gov/standards/marcxml/schema/MARC21slim.xsd">
<leader>00925njm 22002777a 4500</leader>
<datafield tag="042" ind1=" " ind2=" ">
<subfield code="a">dc</subfield>
</datafield>
<datafield tag="720" ind1=" " ind2=" ">
<subfield code="a">Lizcano Álvarez, Jesús</subfield>
<subfield code="e">author</subfield>
</datafield>
<datafield tag="720" ind1=" " ind2=" ">
<subfield code="a">Aguilar Conde, Pablo</subfield>
<subfield code="e">author</subfield>
</datafield>
<datafield tag="260" ind1=" " ind2=" ">
<subfield code="c">2025-03</subfield>
</datafield>
<datafield tag="520" ind1=" " ind2=" ">
<subfield code="a">La determinación del coste&#xd;
de los productos alimentarios es un aspecto clave, tanto para la contabilidad de gestión como para&#xd;
la contabilidad financiera, facilitando la cumplimentación de la información sobre sostenibilidad. Este trabajo analiza la relación entre el coste de los productos alimentarios (Nota técnica&#xd;
3 de la Comisión de Contabilidad de Gestión de AECA) y la normativa contable aplicable, incluyendo la&#xd;
resolución del ICAC sobre el coste de producción y la normativa internacional sobre existencias y empresas agrarias. Asimismo, se reflexiona sobre la utilidad de los indicadores de gestión propuestos en dicha Nota técnica para la información de sostenibilidad.</subfield>
</datafield>
<datafield tag="024" ind2=" " ind1="8">
<subfield code="a">1577-2403</subfield>
</datafield>
<datafield tag="024" ind2=" " ind1="8">
<subfield code="a">http://hdl.handle.net/10259/10442</subfield>
</datafield>
<datafield tag="245" ind1="0" ind2="0">
<subfield code="a">El coste de los productos alimentarios: análisis desde la normativa contable y la información sobre sostenibilidad</subfield>
</datafield>
</record></metadata></record></GetRecord></OAI-PMH>